| 000 | 00522nam a2200217Ia 4500 | ||
|---|---|---|---|
| 005 | 20250425160645.0 | ||
| 008 | 250425s9999 xx 000 0 und d | ||
| 020 | _a0486432378 | ||
| 041 | _aeng | ||
| 082 | _a519.3 | ||
| 100 | _aTHOMAS, L. C. | ||
| 245 | 0 | _aGAMES, THEORY AND APLLICATIONS | |
| 250 | _a1ST ED. | ||
| 260 |
_aEstados Unidos _bINTERAMERICANA _c2003 |
||
| 260 | _aS.L. | ||
| 300 | _a279 | ||
| 650 | _aTEORIA DE LOS JUEGOS | ||
| 710 | _aDOVER PUBLICACTIONS, INC. | ||
| 942 | _c01 | ||
| 010 | _a1449 | ||
| 999 |
_c193527 _d193527 |
||